Statistiques concernant Joueur du Grenier: Liste des épisodes

Cliquez ici pour prendre le quiz!

Statistiques générales

  • Ce quiz a été pris 63 fois
  • Le résultat moyen est 49 sur 135

Statistiques - réponses

IndiceEpisode% Correct
Joueur du GrenierTintin au Tibet
90%
Papy GrenierZelda, l'enquête exclusive
79%
Joueur du GrenierHarry Potter
77%
Hors-sujet | Joueur du GrenierDragon Ball
74%
Joueur du GrenierDragon's Lair
74%
Joueur du GrenierGameboy & Dragon's Lair
74%
Joueur du GrenierLes jeux Disney
69%
Joueur du GrenierLes RPG
69%
Joueur du Grenier11 ans de JDG partie 1
67%
Joueur du Grenier11 ans de JDG partie 2
67%
Hors-sujetDessins Animés
67%
Papy GrenierPokémon Rouge
67%
Joueur du GrenierAsterix and the great rescue
64%
Joueur du GrenierAsterix contre César
64%
Joueur du GrenierBatman & Robin
62%
Joueur du GrenierLes jeux de sports
59%
Joueur du GrenierRPG Numéro 2
59%
Joueur du GrenierLes Chevaliers du Zodiaque
56%
Joueur du GrenierTomb Raider: A la poursuite du mystérieux Dollar Vert
56%
Hors-sujetDessins Animés pour filles
54%
Hors-sujetLes publicités
54%
Papy GrenierSim City
54%
Hors-sujetTortues Ninja
54%
Joueur du GrenierBatman Forever & Superman 64
51%
Joueur du GrenierDes jeux et du Metal
51%
Papy GrenierGTA San Adreas
51%
Hors-sujet | Papy GrenierResident Evil
51%
Joueur du GrenierRPG 3
49%
Joueur du GrenierScooby-Doo
49%
Hors-sujetTéléchat
49%
Joueur du GrenierDe la 2D à la 3D
46%
Joueur du GrenierJurassic Park
46%
Hors-sujetLes super héros
46%
Joueur du GrenierBarbie
44%
Joueur du GrenierRambo
44%
Joueur du GrenierTerminator
44%
Joueur du GrenierCastlevania
41%
Papy GrenierHitman
41%
Joueur du GrenierLes jeux de bastons 2ème édition
41%
Joueur du GrenierLes jeux sur la Bible
41%
Papy GrenierSkyrim
41%
Joueur du GrenierSpirou
41%
Joueur du GrenierUltraman
41%
Hors-sujetEmissions & Dessins animés #2
38%
Joueur du GrenierLes Schtroumpfs
38%
Papy GrenierMass Effect
38%
Joueur du GrenierMen in Black
38%
Joueur du GrenierStar Wars
38%
Joueur du GrenierTakeshi's Challenge #1
38%
Joueur du GrenierTakeshi's Challenge #2
38%
Joueur du GrenierVrac n°2 spécial films
38%
Papy GrenierWorld of Warcraft
38%
Joueur du GrenierDes jeux en vrac
36%
Joueur du GrenierEcco le dauphin
36%
Joueur du GrenierEnter the Matrix
36%
Papy GrenierGoldeneye 64
36%
Joueur du GrenierLes jeux famille Addams
36%
Joueur du GrenierLink: Faces of Evil
36%
Joueur du GrenierPlatoon & Metal Gear
36%
Joueur du GrenierPower Rangers Lightspeed Rescue
36%
Joueur du GrenierRobin des Bois
36%
Papy GrenierRollercoaster Tycoon
36%
Joueur du GrenierSaint-Valentin
36%
Joueur du GrenierTortue Ninja
36%
Joueur du GrenierWater World
36%
Joueur du GrenierBart VS Space Mutants
33%
Papy GrenierCyberpunk 2077
33%
Joueur du GrenierDark Castle
33%
Hors-sujetDessins Animés pour garçons
33%
Papy GrenierFinal Fantasy VII
33%
Joueur du GrenierLes jeux en FMV
33%
Joueur du GrenierPacman the new adventure
33%
Joueur du GrenierRetour vers le futur II
33%
Joueur du GrenierRetour vers le futur III
33%
Joueur du GrenierVirus
33%
Joueur du GrenierYoung Indiana Jones
33%
Joueur du GrenierDaikatana
31%
Joueur du GrenierDuke Nukem Forever
31%
Joueur du GrenierLes jeux de Comics #1
31%
Joueur du GrenierLes pires accessoires Nintendo
31%
Joueur du GrenierMiami Vice & K2000
31%
Hors-sujetCaptain America avant qu'il soit cool
28%
Joueur du GrenierMission Impossible
28%
Joueur du GrenierNightmare Circus
28%
Joueur du GrenierSword of Sodan
28%
Joueur du GrenierVendredi 13 & Dr Jekyl et Mister Hide
28%
Joueur du GrenierDes jeux Color Dreams
26%
Joueur du GrenierExcalibur 2555
26%
Papy GrenierFallout 3
26%
Joueur du GrenierLes jeux Ghostbusters
26%
Hors-sujetLes pubs des années 2000
26%
Joueur du GrenierLes simulations PC
26%
Hors-sujetLes Sitcoms AB Prod
26%
Joueur du GrenierMortal Kombat Mythologies: Sub-Zero & le 5eme Element
26%
Hors-sujetAdaptation de jeux vidéos
23%
Joueur du GrenierAirwolf
23%
Papy GrenierHalf Life
23%
Joueur du GrenierJames Bond Junior
23%
Joueur du GrenierLast Battle
23%
Joueur du GrenierLes Beat Them Up
23%
Hors-SujetLes dessins animés des années 2000
23%
Joueur du GrenierLes jeux de comics #2
23%
Joueur du GrenierLes jeux en FMV 2
23%
Hors-sujetLes publicités 2
23%
Hors-sujetLes pubs de jeux vidéos
23%
Joueur du GrenierRoad Runners & Tazmania
23%
Joueur du GrenierAlex Kidd in a high tech world & Prince of Persia 2
21%
Joueur du GrenierAtari 2600
21%
Joueur du GrenierCool World
21%
Joueur du GrenierHome Alone
21%
Joueur du GrenierLa 6eme génération de console
21%
Hors-sujetLes émissions jeunesse étrangères
21%
Hors-sujetLes pires plagiats de Disney
21%
Papy GrenierMetal Gear Solid
21%
Joueur du GrenierCaptain Planet
18%
Hors-sujetLa guerre des dessins animés
18%
Joueur du GrenierLes jeux Phoenix Games
18%
Hors-sujetDessins Animés sportifs
15%
Hors-sujetDrama / Live Action
15%
Hors-sujetLes films Donjons & Dragons
15%
Hors-SujetLes pires "Spécial Noël'
15%
Hors-sujetLes séries des années 80 (spécial Glen Larson)
15%
Joueur du GrenierTotal Recall
15%
Joueur du GrenierAnti Terror Force
13%
Papy GrenierStreet of Rage
13%
Joueur du GrenierDes jeux japonais en vrac
10%
Joueur du GrenierFord Boyard
10%
Joueur du GrenierSilent Service & Infiltrator
10%
Joueur du GrenierX-perts
10%
Hors-sujetDessins Animés basés sur des jouets
5%
Joueur du GrenierFBI Hostage Rescue
5%
Joueur du GrenierLes années 90, c'était pas mieux avant
3%
Joueur du GrenierDaemon Summoners 2
0%

Distribution des résultats

Percentile par nombre de réponses

% des personnes avec chaque résultat

Votre développement - résultats

Vous n’avez pas pris ce quiz